[Event "Cannes op 18th"]
[Site "Cannes"]
[Date "1997.??.??"]
[Round "5"]
[White "Zhu Chen"]
[Black "Rotstein, Arkadij"]
[Result "0-1"]
[WhiteElo "2495"]
[BlackElo "2455"]

1.c4 f5 2.Nc3 Nf6 3.g3 e5 4.Bg2 d6 5.Rb1 Be7 6.d3 O-O 7.Nf3 Qe8 8.b4 Qh5
9.b5 Nbd7 10.a4 Nc5 11.Be3 e4 12.Bxc5 dxc5 13.Nd2 exd3 14.e3 Qxd1+ 15.Rxd1 a6
16.O-O axb5 17.axb5 Rd8 18.Ra1 Rxa1 19.Rxa1 b6 20.Nd5 Nxd5 21.Bxd5+ Kf8 22.Kf1 Bd7
23.Ke1 Bxb5 24.Ra7 Rxd5 25.cxd5 c4 26.Ra8+ Kf7 27.Nf3 Bb4+ 28.Kd1 Ba5 29.Ra7 Ke7  0-1

[Event "Cannes op 18th"]
[Site "Cannes"]
[Date "1997.??.??"]
[Round "6"]
[White "Bouaziz, Slim"]
[Black "Zhu Chen"]
[Result "0-1"]
[WhiteElo "2385"]
[BlackElo "2495"]

1.d4 d5 2.Nf3 Nf6 3.c4 c6 4.Nc3 e6 5.Bg5 dxc4 6.e4 b5 7.a4 Bb7 8.axb5 cxb5
9.e5 h6 10.Bd2 Ne4 11.Nxb5 Nxd2 12.Nxd2 Nc6 13.Bxc4 a6 14.Nd6+ Bxd6 15.exd6 Qxd6
16.Qb3 Rb8 17.O-O O-O 18.Nf3 Nxd4 19.Nxd4 Qxd4 20.Qd3 Qg4 21.f3 Qg5 22.Qa3 Rfd8
23.Rf2 Rbc8 24.Bd3 Qf6 25.Qb3 Rc7 26.h3 Qd4 27.Bf1 Qa7  0-1

[Event "Cannes op 18th"]
[Site "Cannes"]
[Date "1997.??.??"]
[Round "8"]
[White "Bukal, Vladimir Sr"]
[Black "Zhu Chen"]
[Result "1-0"]
[WhiteElo "2395"]
[BlackElo "2495"]

1.c4 e5 2.Nc3 Nf6 3.Nf3 Nc6 4.e4 Bc5 5.Nxe5 Nxe5 6.d4 Bb4 7.dxe5 Nxe4 8.Qd4 Nxc3
9.bxc3 c5 10.Qd3 Ba5 11.Be2 O-O 12.O-O Re8 13.f4 d6 14.exd6 Qf6 15.f5 Bxc3
16.Rb1 Bd4+ 17.Kh1 Qxd6 18.Bf4 Qf6 19.g4 Bd7 20.Bf3 Bc6 21.g5 Bxf3+ 22.Qxf3 Qa6
23.Rfc1 Re7 24.Qd5 Rc8 25.Re1 Qxa2 26.g6 hxg6 27.fxg6 b6 28.Rbc1 Qf2 29.Rxe7 Qxf4
30.gxf7+ Kf8 31.Rce1  1-0

[Event "Cannes op 18th"]
[Site "Cannes"]
[Date "1997.??.??"]
[Round "9"]
[White "Zhu Chen"]
[Black "Aleksieva, Silvia"]
[Result "0-1"]
[WhiteElo "2495"]
[BlackElo "2285"]

1.d4 Nf6 2.c4 c5 3.d5 Ne4 4.Nd2 Nxd2 5.Bxd2 e5 6.e4 d6 7.Be2 Be7 8.Bg4 Nd7
9.Ne2 Bg5 10.Bc3 O-O 11.Qd3 Qf6 12.O-O Qh6 13.g3 Re8 14.h4 Bd8 15.Bd2 Qg6
16.Bf5 Qh5 17.f3 Nf8 18.Kg2 g6 19.Bxc8 Rxc8 20.g4 Qxh4 21.g5 f5 22.exf5 Bxg5
23.Rh1 e4 24.Qc2 exf3+ 25.Kxf3 Rxe2 26.Rxh4 Rxd2 27.Qc3 Nd7 28.Re1 Rf8 29.Rxh7 Rxf5+
30.Kg3 Bf4+ 31.Kg4 Rg2+ 32.Kf3 Rg3+ 33.Ke2 Rxc3 34.Rxd7 Re3+ 35.Kd1 Rxe1+
36.Kxe1 Rf7  0-1

[Event "Veterans-Women"]
[Site "Copenhagen"]
[Date "1997.??.??"]
[Round "1"]
[White "Hort, Vlastimil"]
[Black "Zhu Chen"]
[Result "1/2-1/2"]
[WhiteElo "2510"]
[BlackElo "2515"]

1.Nf3 d5 2.g3 c6 3.Bg2 Nf6 4.d3 Bf5 5.Nbd2 h6 6.b3 e6 7.Bb2 Bh7 8.e3 Nbd7
9.Qe2 Be7 10.e4 O-O 11.O-O b5 12.Kh1 a5 13.a4 bxa4 14.e5 Ne8 15.Rxa4 Nb6
16.Ra2 a4 17.Rfa1 Rb8 18.bxa4 Nxa4 19.Bd4 Nc5 20.Qe3 Nd7 21.Nb3 Nc7 22.Ba7 Rc8
23.Nc5 Ra8 24.Nxd7 Qxd7 25.Bc5 Rxa2 26.Rxa2 Ra8 27.Rxa8+ Nxa8 28.Nd2 Bd8
29.Nb3 Qb7 30.Qd4 Bg6 31.Bf3 Qa6 32.Kg2 Nb6 33.Qb4 Nd7 34.Bd4 Bc7 35.Nc5 Nxc5
36.Qxc5 Qb7 37.h4 h5 38.Qe7 Qb8 39.Qg5 Bd8 40.Qe3 Qb1 41.Qd2 Qb5 42.Qc3 Be7
43.Qb2 Qxb2 44.Bxb2 Kf8 45.Kf1 Ke8 46.Ke2 Kd7 47.Kd2  1/2-1/2

[Event "Veterans-Women"]
[Site "Copenhagen"]
[Date "1997.??.??"]
[Round "2"]
[White "Zhu Chen"]
[Black "Spassky, Boris V"]
[Result "1/2-1/2"]
[WhiteElo "2515"]
[BlackElo "2550"]

1.d4 b5 2.e4 Bb7 3.Nd2 a6 4.Ngf3 e6 5.Bd3 d6 6.O-O Nd7 7.c3 Ngf6 8.Re1 Be7
9.a4 bxa4 10.Qxa4 O-O 11.Nb3 Nb6 12.Qa2 Ra7 13.Na5 Ba8 14.b4 Nfd7 15.Qe2 c5
16.bxc5 dxc5 17.Bd2 Qc7 18.Bxa6 Bxe4 19.Qxe4 Rxa6 20.Nc6 Nf6 21.Nxe7+ Qxe7
22.Qc6 Rxa1 23.Rxa1 Nfd5 24.dxc5 Rc8 25.Qd6 Nc4 26.Qxe7 Nxe7 27.Ra7 Kf8 28.Bg5 f6
29.Be3 Nxe3 30.fxe3 Rxc5 31.Nd4 Kf7 32.Ne2 e5 33.Kf2 h5 34.e4 Ke6 35.Ke3 g6
36.Ra6+ Rc6 37.Rxc6+ Nxc6 38.Kd3 Na5 39.Ng3 Nb7 40.Nf1 Nc5+ 41.Ke3 f5 42.exf5+ gxf5
43.g3 Na4 44.Kd2 Kd5 45.c4+ Kd4 46.Ne3 Ke4 47.Nd5 Kf3 48.Ne7 f4 49.gxf4 exf4
50.Nd5 h4 51.Kd3 Nb2+  1/2-1/2

[Event "Veterans-Women"]
[Site "Copenhagen"]
[Date "1997.??.??"]
[Round "4"]
[White "Zhu Chen"]
[Black "Taimanov, Mark E"]
[Result "1-0"]
[WhiteElo "2515"]
[BlackElo "2425"]

1.d4 Nf6 2.c4 e6 3.Nf3 Bb4+ 4.Bd2 a5 5.Qc2 O-O 6.g3 d5 7.Bg2 Nc6 8.O-O Bd7
9.Rc1 Re8 10.Bf4 Bd6 11.cxd5 Nb4 12.Qd1 Nbxd5 13.Be5 Bc6 14.Nbd2 Nb6 15.Bxf6 Qxf6
16.e4 e5 17.d5 Bb5 18.a4 Bd7 19.Ne1 h5 20.Nd3 h4 21.b3 g6 22.Qe2 Kg7 23.Qe3 Rh8
24.Nc5 Bc8 25.Nd3 Bd7 26.Rc2 hxg3 27.fxg3 Rh5 28.Rac1 Rah8 29.Nf1 Qg5 30.Qxg5 Rxg5
31.Rxc7 Bxc7 32.Rxc7 Bc8 33.h4 Rgh5 34.Bf3 R5h7 35.Nxe5 Kf6 36.Nd3 Rd8 37.e5+ Kg7
38.e6 Kf6 39.Nf4 Na8 40.e7 Re8 41.Rxc8 Rxc8 42.d6 Nb6 43.Bxb7 Rhh8 44.Ne3 Rb8
45.Bc6 Ke5 46.d7 Nxd7 47.Bxd7 Kd6 48.e8=Q Rhxe8 49.Bxe8 Rxe8 50.Nc4+ Kc5
51.Nxa5 Kb4 52.Nb7 Kxb3 53.a5 Re1+ 54.Kg2 Ra1 55.Nd6 Rxa5 56.Nxf7 Rf5 57.Nh6 Rf6
58.Ng4 Ra6 59.Ne5  1-0

[Event "Veterans-Women"]
[Site "Copenhagen"]
[Date "1997.??.??"]
[Round "6"]
[White "Zhu Chen"]
[Black "Hort, Vlastimil"]
[Result "1-0"]
[WhiteElo "2515"]
[BlackElo "2510"]

1.d4 Nf6 2.c4 d6 3.Nc3 e5 4.d5 Nbd7 5.e4 Nc5 6.f3 a5 7.Be3 Be7 8.Nge2 O-O
9.Qd2 Ne8 10.g4 Bh4+ 11.Ng3 g6 12.O-O-O Ng7 13.Rg1 f6 14.Kb1 Bd7 15.Bd3 Nxd3
16.Qxd3 Rf7 17.c5 Ne8 18.Nb5 Bg5 19.Bf2 a4 20.Na3 Qb8 21.Rg2 Ra5 22.Qc4 Qa8
23.cxd6 b5 24.Qb4 cxd6 25.Ne2 Qd8 26.h4 Bh6 27.h5 Ra8 28.hxg6 hxg6 29.Rh2 Bg7
30.Be3 Qa5 31.Qxa5 Rxa5 32.Rdh1 Ra8 33.Nc2 Rc8 34.Bd2 f5 35.gxf5 gxf5 36.Bb4 Nf6
37.Ng3 fxe4 38.fxe4 Ng4 39.Rg2 Bf8 40.Rhg1 Rg7 41.Nh5 Rg5 42.Rxg4 Bxg4 43.Rxg4 Rxg4
44.Nf6+ Kf7 45.Nxg4 Kg6 46.Nf2 Kg5 47.Bd2+ Kh4 48.Nd1 Kg3 49.Nc3 Kf3 50.a3 Rc4
51.Nb4 Rxe4 52.Nxe4 Kxe4 53.Kc2 Kd4 54.Kd1 Kc4 55.Bc3 Bh6 56.Ke2 e4 57.Bf6 Bf4
58.Bg7 Kc5 59.Kd1 Kc4 60.Kc2 Be3 61.Na2 Bc5 62.Bf6 Bb6 63.Bh4 e3 64.Be1 Bd4
65.Bb4 Kxd5 66.Nc3+ Kc4 67.Bxd6 Bb6 68.Ne2 Ba7 69.Bb4 Bb6 70.Ng3 Kd4 71.Bc3+ Kc4
72.Ne4 Bc7 73.Bb4 e2 74.Be1 Be5 75.Nd2+ Kd5 76.Nf3 Bd6 77.Kd3 Bf8 78.Bc3  1-0

[Event "Veterans-Women"]
[Site "Copenhagen"]
[Date "1997.??.??"]
[Round "7"]
[White "Spassky, Boris V"]
[Black "Zhu Chen"]
[Result "1/2-1/2"]
[WhiteElo "2550"]
[BlackElo "2515"]

1.e4 c5 2.Nf3 d6 3.d4 cxd4 4.Nxd4 Nf6 5.Nc3 g6 6.Be2 Bg7 7.O-O O-O 8.Re1 Nc6
9.Nb3 Be6 10.Bf1 Na5 11.Nd5 Nxb3 12.axb3 Nxd5 13.exd5 Bf5 14.c3 Bf6 15.Be3 a5
16.Bd4 Bg5 17.Be3 Bf6 18.Bb5 Bd7 19.Qe2 Qe8 20.Bd3 Qd8 21.Bb5 Qe8 22.Bd3 Qd8
23.Ra3 b6 24.Bb5 Rb8 25.Ra4 e5 26.dxe6 Bxe6 27.Bh6 Bg7 28.Bxg7 Kxg7 29.Bc4 Re8
30.Bxe6 Rxe6 31.Re4 Rxe4 32.Qxe4 Qf6 33.g3 b5 34.Re2 Rc8 35.Rd2 Rc5 36.Qd3 a4
37.b4 Rc4 38.Qxd6 Qxd6 39.Rxd6 a3 40.bxa3 Rxc3 41.Rd5 Rxa3 42.g4 h6 43.Rxb5 Rb3
44.h4 Rh3 45.h5 gxh5 46.Rxh5 Rc3 47.b5 Rc4 48.f3 Rc2 49.Rh2 Rc1+ 50.Kg2 f5
51.Rh1 Rc2+ 52.Kg3 Rb2  1/2-1/2

[Event "Veterans-Women"]
[Site "Copenhagen"]
[Date "1997.??.??"]
[Round "9"]
[White "Taimanov, Mark E"]
[Black "Zhu Chen"]
[Result "1/2-1/2"]
[WhiteElo "2425"]
[BlackElo "2515"]

1.d4 d5 2.c4 c6 3.Nf3 Nf6 4.e3 e6 5.Nbd2 Nbd7 6.b3 Bd6 7.Bb2 O-O 8.Bd3 dxc4
9.Nxc4 Bb4+ 10.Ncd2 c5 11.a3 Ba5 12.O-O Bc7 13.Rc1 cxd4 14.Bxd4 Bb6 15.Bb2 Qe7
16.Nc4 Rd8 17.b4 Bc7 18.Qc2 b6 19.Na5 Bxh2+ 20.Kxh2 bxa5 21.Qc7 Ne8 22.Qxa5 Bb7
23.Be2 Ndf6 24.Rfd1 Nd5 25.Qc5 Kf8 26.Rxd5 Bxd5 27.Bd4 f6 28.Qc2 Kg8 29.Bd3 g6
30.e4 Bb7 31.Kg1 Qd7 32.Bc4 Kh8 33.Bc5 e5 34.Qc3 Ng7 35.Re1 Qg4 36.Be7 Bxe4
37.Bxf6 Bxf3 38.Bxg7+ Kxg7 39.Qxe5+ Kh6 40.Qh2+ Kg5 41.Re5+ Kf6 42.Re6+ Qxe6
43.Qh4+ Ke5 44.Qg3+ Kf6 45.Bxe6 Kxe6 46.Qxf3 h5 47.Kh2 Rf8 48.Qe4+ Kf7 49.Qb7+ Kf6
50.f3 a6 51.f4 Rfb8 52.Qc7 Re8 53.Qc6+ Kg7 54.Kh3 Rf8 55.g3 Ra7 56.Qb6 Rff7
57.Kh4 Rad7 58.Qxa6 Rd2 59.Kh3 Re7 60.f5 gxf5 61.Kh4 Rd4+ 62.Kxh5 Rg4 63.Qd3 Rf7
64.Qd5 Kf8 65.Qd8+ Kg7 66.b5 Rxg3 67.b6 f4 68.Qd4+ Kg8 69.Qd5 Kf8 70.Qc5+ Kg7
71.Qe5+ Kg8 72.Qe8+ Kg7 73.Qe5+ Kg8  1/2-1/2

[Event "Ubeda op"]
[Site "Ubeda"]
[Date "1998.01.21"]
[Round "2"]
[White "Zhu Chen"]
[Black "Castillo Gallego, Sergio"]
[Result "1-0"]
[WhiteElo "2490"]
[BlackElo "2170"]

1.d4 e6 2.c4 f5 3.g3 Nf6 4.Bg2 Be7 5.Nh3 O-O 6.O-O d6 7.Nc3 Qe8 8.Nf4 Bd8
9.e4 e5 10.dxe5 dxe5 11.Nfd5 Nxe4 12.Nxe4 fxe4 13.Bxe4 c6 14.Ne3 Bh3 15.Re1 Nd7
16.Bd2 Nc5 17.Bc2 Ne6 18.Ng4 Bb6 19.Rxe5 Bxg4 20.Qxg4 Rxf2 21.c5 Rxd2 22.Bb3 Qf8
23.Bxe6+ Kh8 24.Qf5 Bc7 25.Rf1 Qd8 26.Qxh7+ Kxh7 27.Rh5+  1-0

[Event "Anibal op 5th"]
[Site "Linares"]
[Date "1998.01.24"]
[Round "5"]
[White "Zhu Chen"]
[Black "Aronian, Levon"]
[Result "0-1"]
[WhiteElo "2490"]
[BlackElo "2455"]

1.d4 Nf6 2.c4 g6 3.Nf3 Bg7 4.Nc3 d5 5.e3 O-O 6.b4 c6 7.Bb2 dxc4 8.Bxc4 b5
9.Bb3 a5 10.bxa5 Qxa5 11.O-O b4 12.Na4 Ba6 13.Re1 Bb5 14.Nc5 Nbd7 15.Qc2 e6
16.Rac1 Nxc5 17.Qxc5 Nd7 18.Qe7 Bf6 19.Qd6 Rfd8 20.Qf4 c5 21.e4 c4 22.Bxc4 Bxc4
23.Rxc4 Qb5 24.Rc2 Rxa2 25.e5 b3 26.Rd2 Bg7 27.d5 Nc5 28.Ng5 Rf8 29.Qf3 Bh6
30.h4 Qb4 31.Qe3 exd5 32.Red1 Ne6 33.Qg3 Rc8 34.Rxd5 Bxg5  0-1

[Event "Ubeda op"]
[Site "Ubeda"]
[Date "1998.01.24"]
[Round "5"]
[White "Prasad, Devaki V"]
[Black "Zhu Chen"]
[Result "0-1"]
[WhiteElo "2400"]
[BlackElo "2490"]

1.e4 c5 2.Nf3 d6 3.d4 cxd4 4.Nxd4 Nf6 5.Nc3 a6 6.Be2 e5 7.Nb3 Be7 8.O-O O-O
9.a4 b6 10.f4 Bb7 11.Bf3 Nbd7 12.Kh1 Rc8 13.Qe2 Qc7 14.Be3 Rfe8 15.Qf2 Bf8
16.fxe5 dxe5 17.Rad1 Kh8 18.Rd3 b5 19.axb5 axb5 20.Rd2 b4 21.Nd5 Bxd5 22.exd5 e4
23.Be2 Bd6 24.Qh4 Be5 25.Bb5 Bxb2 26.Nd4 Nxd5 27.Rxf7 Nxe3 28.Bxd7 Rf8 29.Nf5 Qa5
30.Nxe3 Rxf7 31.g3 Rcf8 32.Qxe4 Bc1 33.Rd5 Qa7  0-1

[Event "Anibal op 5th"]
[Site "Linares"]
[Date "1998.01.25"]
[Round "6"]
[White "Moreno, Javier"]
[Black "Zhu Chen"]
[Result "0-1"]
[WhiteElo "2425"]
[BlackElo "2490"]

1.Nf3 Nf6 2.g3 d5 3.Bg2 Bf5 4.O-O h6 5.c4 c6 6.Qb3 Qb6 7.Qxb6 axb6 8.cxd5 Nxd5
9.d3 Bh7 10.Nc3 e6 11.Nxd5 exd5 12.e4 dxe4 13.dxe4 Nd7 14.Nd4 Be7 15.Rd1 Nc5
16.b4 Nxe4 17.Bb2 Bxb4 18.Nxc6 bxc6 19.Bxe4 Bxe4 20.Rd4 Bc5 21.Rxe4+ Kf8
22.Bd4 Bxd4 23.Rxd4 h5 24.Rd7 Rh6 25.Rad1 b5 26.Rc7 Rf6 27.Rd3 g6 28.a3 Re8
29.Kf1 Re5 30.h4 Rc5 31.Kg2 Rc2 32.Rf3 Kg7 33.Rxf6 Kxf6 34.Kf3 Ke6 35.Ke3 f6
36.f3 Kd5 37.g4 Rc3+ 38.Kf4 Rxa3  0-1

[Event "Anibal op 5th"]
[Site "Linares"]
[Date "1998.01.26"]
[Round "7"]
[White "Zhu Chen"]
[Black "Danielian, Elina"]
[Result "1-0"]
[WhiteElo "2490"]
[BlackElo "2345"]

1.d4 c6 2.c4 g6 3.e4 d5 4.e5 Be6 5.Qb3 Qd7 6.Nf3 Bg7 7.Nc3 Nh6 8.Bf4 O-O
9.Rd1 Rd8 10.h3 dxc4 11.Bxc4 Bd5 12.Nxd5 cxd5 13.Bb5 Qf5 14.Qe3 Qe4 15.O-O Qxe3
16.fxe3 Nc6 17.Rc1 Rdc8 18.Rc5 Nb4 19.Rfc1 Rxc5 20.Rxc5 a6 21.Bf1 e6 22.Rc7 Nxa2
23.Rxb7 Bf8 24.Nd2 a5 25.g4 Nb4 26.Nb1 Nc6 27.Nc3 Ra7 28.Rb6 Ne7 29.Rb8 Nc6
30.Rc8  1-0

[Event "Ubeda op"]
[Site "Ubeda"]
[Date "1998.01.26"]
[Round "7"]
[White "Lalic, Bogdan"]
[Black "Zhu Chen"]
[Result "1/2-1/2"]
[WhiteElo "2545"]
[BlackElo "2490"]

1.d4 d5 2.c4 c6 3.Nf3 Nf6 4.Nc3 e6 5.Bg5 h6 6.Bh4 dxc4 7.e4 g5 8.Bg3 b5 9.Be2 Bb4
10.Qc2 Bb7 11.O-O Nbd7 12.Ne5 h5 13.h3 h4 14.Bh2 Nh5 15.Bxh5 Rxh5 16.Rad1 Qe7
17.Nxd7 Qxd7 18.d5 cxd5 19.exd5 Bxc3 20.Qxc3 Bxd5 21.Rfe1  1/2-1/2

[Event "Cappelle op"]
[Site "Cappelle la Grande"]
[Date "1998.02.27"]
[Round "8"]
[White "Zhu Chen"]
[Black "Dumitrache, Dragos"]
[Result "0-1"]
[WhiteElo "2490"]
[BlackElo "2385"]

1.d4 Nf6 2.c4 d6 3.Nc3 Nbd7 4.e4 e5 5.d5 Be7 6.Be3 O-O 7.f3 c6 8.Qd2 a5 9.Nge2 Nc5
10.g4 a4 11.Ng3 Qa5 12.h4 cxd5 13.cxd5 Bd7 14.g5 Ne8 15.Nf5 Bd8 16.h5 Rc8
17.Rb1 Na6 18.Bh3 Kh8 19.Nxg7 Bxh3 20.Nxe8 Rxe8 21.Rxh3 a3 22.Nd1 Nb4 23.bxa3 Nc2+
24.Ke2 Qa6+ 25.Qd3 Nd4+ 26.Bxd4 Rc2+  0-1

[Event "Beijing sim"]
[Site "Beijing"]
[Date "1998.05.13"]
[Round "?"]
[White "Karpov, Anatoly"]
[Black "Zhu Chen"]
[Result "1-0"]
[WhiteElo "2735"]
[BlackElo "2490"]

1.d4 d5 2.c4 c6 3.Nf3 Nf6 4.Nc3 e6 5.e3 Nbd7 6.Qc2 Bd6 7.Bd3 O-O 8.O-O dxc4
9.Bxc4 a6 10.Rd1 b5 11.Be2 Qc7 12.a3 c5 13.dxc5 Bxc5 14.Ne4 Nxe4 15.Qxe4 Bb7
16.Qh4 Rfe8 17.Qg3 Qxg3 18.hxg3 Nb6 19.Bd2 Be7 20.b3 Bf6 21.Nd4 Rac8 22.Ba5 Nd7
23.a4 bxa4 24.Rxa4 Nc5 25.Ra3 Ne4 26.Bc4 Nd6 27.Ra4 Nxc4 28.bxc4 g6 29.Bb6 Be7
30.f3 Bc5 31.Rb1 Bxd4 32.Bxd4 Re7 33.Bf6 Rec7 34.Be5 Rd7 35.g4 h6 36.Rab4 Ba8
37.c5 g5 38.Rb6 a5 39.Ra6 Kh7 40.Rxa5 Kg6 41.Bd6 f5 42.gxf5+ exf5 43.Rb6 Kh7
44.Raa6 Bd5 45.Be5 Rxc5 46.Rxh6+ Kg8 47.Rag6+ Kf8 48.Rxg5 Rc1+ 49.Kf2 Rf7
50.Bf6 Ke8 51.Rxf5  1-0

[Event "Tan Chin Nam"]
[Site "Beijing"]
[Date "1998.06.08"]
[Round "1"]
[White "Zhu Chen"]
[Black "Tong Yuanming"]
[Result "1-0"]
[WhiteElo "2490"]
[BlackElo "2505"]

1.d4 Nf6 2.c4 g6 3.Nc3 Bg7 4.e4 d6 5.Nf3 O-O 6.Be2 Na6 7.Bg5 h6 8.Be3 Ng4
9.Bc1 e5 10.O-O c6 11.h3 exd4 12.Nxd4 Nf6 13.Bf4 Re8 14.Bf3 Nd7 15.Qd2 Ne5
16.Be2 Qh4 17.Bg3 Qf6 18.Rad1 Nc5 19.Nb3 Ned7 20.Qc2 Bf8 21.Rd2 h5 22.Rfd1 Ne6
23.e5 Nxe5 24.Ne4 Qf5 25.Nxd6 Qxc2 26.Rxc2 Bxd6 27.Rxd6 Nd7 28.f3 Ng7 29.Bf2 Nf5
30.Rdd2 h4 31.Na5 Nf6 32.b4 Nh5 33.a3 Nfg3 34.Bf1 Nf4 35.Rd1 Bf5 36.Rcd2 Re7
37.Bc5 Rae8 38.Rd8 Kg7 39.Rxe8 Rxe8 40.Nxb7 Bc2 41.Ra1 Bd3 42.Bd6 Nfe2+ 43.Bxe2 Rxe2
44.Na5 g5 45.Nxc6 Bxc4 46.Nd4 Rb2 47.Bxg3 hxg3 48.Nf5+ Kg6 49.Nxg3 Rb3 50.Ne4 Bd5
51.Nc5 Rc3 52.Rd1 Bc4 53.a4 f5 54.Rb1 Rc2 55.Nd7 Kh5 56.Ne5 Be6 57.b5 Re2
58.Nc6 Ra2 59.a5 Kh4 60.Kh2 f4 61.b6 axb6 62.axb6 Bxh3 63.b7 Rxg2+ 64.Kh1 Kg3
65.Rg1  1-0

[Event "Tan Chin Nam"]
[Site "Beijing"]
[Date "1998.06.09"]
[Round "2"]
[White "Magem Badals, Jorge"]
[Black "Zhu Chen"]
[Result "1/2-1/2"]
[WhiteElo "2535"]
[BlackElo "2490"]

1.e4 e5 2.Nf3 Nc6 3.Bc4 Bc5 4.c3 Nf6 5.d3 d6 6.O-O O-O 7.Re1 a6 8.Bb3 Ba7
9.h3 h6 10.Nbd2 Be6 11.Nf1 Bxb3 12.axb3 Re8 13.Nh4 Nh7 14.Nf5 Ne7 15.N1g3 Nxf5
16.Nxf5  1/2-1/2

[Event "Tan Chin Nam"]
[Site "Beijing"]
[Date "1998.06.10"]
[Round "3"]
[White "Zhu Chen"]
[Black "Ehlvest, Jaan"]
[Result "0-1"]
[WhiteElo "2490"]
[BlackElo "2610"]

1.d4 Nf6 2.c4 e6 3.Nf3 b6 4.a3 c5 5.d5 Ba6 6.Qc2 exd5 7.cxd5 g6 8.Nc3 Bg7
9.g3 O-O 10.Bg2 d6 11.O-O Re8 12.Bf4 Nh5 13.Bg5 Qc8 14.Rfe1 Nd7 15.g4 Nhf6
16.Bf4 Nxg4 17.Ne4 Rxe4 18.Qxe4 Bxb2 19.Ra2 Bg7 20.Nd2 Nge5 21.Bg3 f5 22.Qc2 Qe8
23.Qa4 Bb7 24.e4 f4 25.Bxf4 Nd3 26.Bxd6 Nxe1 27.Bf1 Ne5 28.Qxe8+ Rxe8 29.Bxe5 Bxe5
30.Be2 Bd4 31.Kf1 Ng2 32.Kxg2 Bxd5 33.Bb5 Bxa2 34.Bxe8 c4 35.Ba4 Bc3 36.Nf3 Bb2
37.e5 Bxa3 38.Nd4  0-1

[Event "Tan Chin Nam"]
[Site "Beijing"]
[Date "1998.06.11"]
[Round "4"]
[White "Zhu Chen"]
[Black "Xie Jun"]
[Result "1/2-1/2"]
[WhiteElo "2490"]
[BlackElo "2485"]

1.d4 Nf6 2.c4 g6 3.Nc3 Bg7 4.e4 d6 5.Nf3 O-O 6.Be2 e5 7.O-O Nc6 8.d5 Ne7
9.b4 Nh5 10.Re1 f5 11.Ng5 Nf4 12.Bxf4 exf4 13.Rc1 a5 14.b5 Bf6 15.Ne6 Bxe6
16.dxe6 Bxc3 17.Rxc3 fxe4 18.Bg4 e3 19.fxe3 c6 20.Rd3 d5 21.bxc6 bxc6 22.cxd5 cxd5
23.exf4 Rxf4 24.Bf3 Qb6+ 25.Kh1 Raf8 26.Bxd5 Nxd5 27.Rxd5 Qxe6 28.g3 Rf1+
29.Rxf1 Rxf1+ 30.Qxf1 Qxd5+ 31.Qg2 Qd1+ 32.Qg1 Qc2 33.Qa1 a4 34.a3 Qf2 35.Qd1 h5
36.h4 Qxg3  1/2-1/2

[Event "Tan Chin Nam"]
[Site "Beijing"]
[Date "1998.06.13"]
[Round "6"]
[White "Zhu Chen"]
[Black "Kudrin, Sergey"]
[Result "0-1"]
[WhiteElo "2490"]
[BlackElo "2565"]

1.d4 Nf6 2.Nf3 g6 3.Bg5 Bg7 4.c3 O-O 5.Nbd2 d6 6.e4 c5 7.dxc5 dxc5 8.Bc4 Qc7
9.Qe2 Nc6 10.h3 h6 11.Be3 Nh5 12.Nh2 b5 13.Bxb5 Nd4 14.cxd4 cxd4 15.O-O dxe3
16.Qxe3 Rb8 17.Rac1 Qf4 18.Qxf4 Nxf4 19.Bc4 Rxb2 20.Nhf3 Be6 21.a3 Rc8 22.g3 Nxh3+
23.Kg2 Bd7 24.e5 Ng5 25.Nxg5 hxg5 26.Ne4 Bxe5 27.Nxg5 e6 28.Rfd1 Rc7 29.Bxe6 Bc6+
30.Kg1 Rb6 31.Bd5 Bxd5 32.Rxc7 Bxc7 33.Rxd5 Rd6 34.Rc5 Bb6 35.Rc4 Rd3 36.Ne4 Rxa3
37.g4 Rd3 38.g5 Kf8 39.Rc8+ Rd8 40.Rc6 Ke7 41.Kg2 Rd5 42.f4 Rd3 43.Nf6 Rd6
44.Rc8 Ke6 45.Ne4 Rd3 46.Nc5+ Bxc5 47.Rxc5 Ra3 48.Rc6+ Ke7 49.Rc7+ Ke6 50.Rc6+ Kd7
51.Rf6 Ke7 52.Kf2 a5 53.Ra6 a4 54.Ra7+ Ke6 55.Ra6+ Kf5 56.Rf6+ Kg4 57.Rxf7 Rf3+
58.Kg2 Rxf4 59.Ra7 Kxg5 60.Kg3 Rb4 61.Ra5+ Kh6 62.Ra8 Kh5 63.Ra7 Rb3+ 64.Kg2 a3
65.Ra5+ g5 66.Ra4 g4 67.Ra8 Rc3 68.Kf2 Kg5 69.Ra7 Kf5 70.Ra4 g3+ 71.Kg2 Ke5  0-1

[Event "Tan Chin Nam"]
[Site "Beijing"]
[Date "1998.06.14"]
[Round "7"]
[White "Liang Chong"]
[Black "Zhu Chen"]
[Result "1/2-1/2"]
[WhiteElo "2405"]
[BlackElo "2490"]

1.d4 d5 2.c4 c6 3.Nc3 Nf6 4.cxd5 cxd5 5.Bf4 a6 6.e3 Nc6 7.Bd3 Bg4 8.Nge2 e6
9.O-O Bd6 10.f3 Bh5 11.Rc1 Bg6 12.Bxd6 Qxd6 13.Nf4 Bxd3 14.Nxd3 O-O 15.f4  1/2-1/2

[Event "Tan Chin Nam"]
[Site "Beijing"]
[Date "1998.06.16"]
[Round "9"]
[White "Lin Weiguo"]
[Black "Zhu Chen"]
[Result "1/2-1/2"]
[WhiteElo "2460"]
[BlackElo "2490"]

1.d4 d5 2.c4 c6 3.Nf3 Nf6 4.Nc3 e6 5.Qb3 dxc4 6.Qxc4 b5 7.Qd3 a6 8.e4 Bb7
9.e5 Nd5 10.Be2 Nxc3 11.Qxc3 Nd7 12.O-O c5 13.dxc5 Bxc5 14.Bg5 Qb8 15.Rfd1 Qa7
16.Rac1 b4 17.Qc4 h6 18.Bh4 Bd5 19.Qg4 O-O 20.Rxd5 exd5 21.e6 f5 22.Qg6 Nf6
23.Qxf5 Ne4 24.Qxd5 Bxf2+ 25.Kh1 Qe3 26.e7+ Kh8 27.exf8=Q+ Rxf8 28.Nd2 Nxd2
29.Bxf2 Qxe2 30.Bd4 Ne4 31.Bxg7+ Kxg7 32.Rc7+ Kg6 33.Rc6+ Nf6 34.h3 Re8 35.Kh2 Qe5+
36.Qxe5 Rxe5 37.Rxa6 Re2 38.b3 h5 39.Rb6 Re4 40.Ra6 h4 41.a3 bxa3 42.Rxa3 Re1
43.Ra8 Kf5 44.Rb8 Re2 45.Rh8 Kg5 46.Rb8 Rd2 47.b4 Nh5 48.Rg8+ Kf5 49.Rg4 Nf4
50.Kh1 Rb2 51.b5 Ng6 52.g3 Rxb5 53.gxh4 Rb3 54.Rg5+ Kf6 55.Ra5 Nxh4 56.Kg1 Rb2
57.Kf1 Nf5 58.h4 Nxh4 59.Ke1 Nf5 60.Kd1 Kg5 61.Kc1 Rf2 62.Rd5 Kf4 63.Rd2 Rf3
64.Kb2 Ke4 65.Rd8 Nd4 66.Rc8 Rb3+ 67.Kc1 Kd3 68.Rd8 Rb7 69.Rd5 Rc7+ 70.Kd1 Ra7
71.Ke1 Ra2 72.Rd8 Rh2 73.Rd7 Rh6 74.Rd8 Ke3 75.Re8+ Ne6 76.Kd1 Kd3 77.Kc1 Rf6
78.Ra8 Nc5 79.Rd8+ Ke3 80.Re8+ Ne4 81.Kd1 Rc6 82.Re7 Rc8 83.Re5 Kd4 84.Re7  1/2-1/2

[Event "Tan Chin Nam"]
[Site "Beijing"]
[Date "1998.06.17"]
[Round "10"]
[White "Zhu Chen"]
[Black "Ye Jiangchuan"]
[Result "0-1"]
[WhiteElo "2490"]
[BlackElo "2530"]

1.d4 d6 2.Nf3 Nf6 3.c4 g6 4.Nc3 Bg7 5.e4 O-O 6.Be2 e5 7.O-O Nbd7 8.Be3 c6
9.d5 c5 10.a3 Ng4 11.Bg5 f6 12.Bd2 Nh6 13.b4 Nf7 14.Ne1 f5 15.Nd3 b6 16.Rb1 Nf6
17.f3 Bh6 18.exf5 Bxd2 19.Qxd2 Bxf5 20.Rb3 Nh5 21.bxc5 bxc5 22.Rfb1 Qh4 23.Nb5 Rfc8
24.g3 Nxg3 25.hxg3 Qxg3+ 26.Kh1 Qh3+ 27.Kg1 Qg3+ 28.Kh1 e4 29.Ne1 e3 30.Qxe3 Re8
31.Qd2 Bxb1 32.Rxb1 Qf2 33.Rb2 Re5 34.f4 Re3 35.Nf3 Rae8 36.Nc3 Rxf3  0-1

[Event "Tan Chin Nam"]
[Site "Beijing"]
[Date "1998.06.18"]
[Round "11"]
[White "Onischuk, Alexander"]
[Black "Zhu Chen"]
[Result "1/2-1/2"]
[WhiteElo "2610"]
[BlackElo "2490"]

1.e4 c5 2.Nf3 d6 3.c3 Nf6 4.Be2 Nc6 5.d3 e5 6.O-O Be7 7.Re1 O-O 8.Bf1 Re8
9.Nbd2 Bf8 10.a3 d5 11.b4 d4 12.cxd4 Nxd4 13.Nxd4 cxd4 14.Nc4 b5 15.Na5 Nd7
16.g3 Nb6 17.f4 f6 18.f5 Bd7 19.g4 Na4 20.Ra2 Kh8 21.Rg2 Be7 22.h4 Rg8 23.Qb3 Rc8
24.Bd2 Be8 25.Rc1 Rxc1 26.Bxc1 g6 27.Bd2 Qd7 28.Be2 Bd8 29.Bf3 Bf7 30.Qd1 Qc8
31.fxg6 Rxg6 32.g5 Rg8 33.Bg4 Be6 34.Qf3 Bxg4 35.Rxg4 Qc2 36.gxf6 Rxg4+ 37.Qxg4 Bxf6
38.Bg5 Bxg5 39.Qxg5 Qd1+ 40.Kf2  1/2-1/2

[Event "Bad Homburg"]
[Site "Bad Homburg"]
[Date "1998.07.18"]
[Round "2"]
[White "Zhu Chen"]
[Black "Svidler, Peter"]
[Result "1/2-1/2"]
[WhiteElo "2490"]
[BlackElo "2690"]

1.d4 Nf6 2.c4 g6 3.Nc3 Bg7 4.e4 O-O 5.Nf3 d6 6.Be2 e5 7.O-O Nbd7 8.Re1 c6
9.Bf1 h6 10.d5 c5 11.Nd2 Ne8 12.g4 Ndf6 13.Be2 Qd7 14.f3 h5 15.h3 Nh7 16.Bd3 Qe7
17.Re2 Ng5 18.Rh2 hxg4 19.fxg4 f5 20.h4 Nxe4  1/2-1/2

[Event "Bad Homburg"]
[Site "Bad Homburg"]
[Date "1998.07.20"]
[Round "4"]
[White "Zhu Chen"]
[Black "Torre, Eugenio"]
[Result "0-1"]
[WhiteElo "2490"]
[BlackElo "2560"]

1.d4 Nf6 2.c4 e6 3.Nf3 Bb4+ 4.Bd2 c5 5.Bxb4 cxb4 6.g3 b6 7.Bg2 Bb7 8.O-O O-O
9.Qd3 d6 10.Nbd2 Qc7 11.e4 e5 12.Ne1 a5 13.Nc2 Re8 14.Rfe1 Nc6 15.Rac1 Nd7
16.Nf1 Rac8 17.b3 Nf6 18.Rcd1 Rcd8 19.f3 Ba6 20.Nfe3 Qb8 21.Bf1 h6 22.Rd2 Nh7
23.f4 Nf6 24.fxe5 dxe5 25.d5 Ne7 26.Rf2 Nd7 27.Qe2 Nc5 28.Qh5 Rf8 29.Ng4 f6
30.Rf3 Qd6 31.Nf2 Bc8 32.Bh3 Bxh3 33.Qxh3 Qd7 34.Qh5 Qe8 35.Qg4 Nc8 36.Nd3 Nxd3
37.Rxd3 Nd6 38.Rf3 Kh7 39.Rfe3 Qg6 40.Qxg6+ Kxg6 41.a3 bxa3 42.Nxa3 Rc8 43.Rb1 Rc7
44.Kg2 Kf7 45.Kf3 Ke7 46.Rc3 Rfc8 47.Rbc1 Rc5 48.R3c2 h5 49.Ke3 g6 50.Kd3 f5
51.exf5 gxf5 52.Re1 Kf6 53.Rce2 e4+ 54.Kd4 b5 55.Ra1 bxc4 56.bxc4 Nxc4 57.Rc2 Rxd5+
58.Kxd5 Ne3+ 59.Kd6 Nxc2 60.Rc1 Rc3  0-1

[Event "Bad Homburg"]
[Site "Bad Homburg"]
[Date "1998.07.21"]
[Round "5"]
[White "Jussupow, Artur"]
[Black "Zhu Chen"]
[Result "1-0"]
[WhiteElo "2630"]
[BlackElo "2490"]

1.d4 d5 2.c4 c6 3.Nc3 Nf6 4.e3 e6 5.b3 Nbd7 6.Bb2 Bd6 7.Nf3 O-O 8.Bd3 e5
9.cxd5 cxd5 10.dxe5 Nxe5 11.Be2 Be6 12.O-O Nxf3+ 13.Bxf3 Be5 14.Na4 Bxb2
15.Nxb2 Qa5 16.Qd4 Rac8 17.Nd3 Qc3 18.Qxc3 Rxc3 19.Rfd1 Rfc8 20.Nf4 g5 21.Ne2 Rc2
22.Nd4 Rb2 23.Rdb1 Rxb1+ 24.Rxb1 Bd7 25.Kf1 Kf8 26.Ke1 Ke7 27.Be2 Ne4 28.f3 Nd6
29.Bd3 h6 30.Kd2 Kf6 31.Rh1 Rg8 32.Ke2 h5 33.Kf2 h4 34.g4 Ke7 35.h3 f6 36.Ke2 Rc8
37.Rf1 Rf8 38.Rc1 Rc8 39.Rd1 a6 40.Kd2 Bb5 41.Bc2 Bd7 42.a4 Nf7 43.Rf1 Nd6
44.Bd3 Rc5 45.Rb1 Rc8 46.a5 Rc7 47.b4 Bb5 48.Nb3 Bxd3 49.Kxd3 Nc4 50.f4 Kd6
51.Nd4 Rc8 52.fxg5 fxg5 53.Rf1 Nb2+ 54.Ke2 Na4 55.Rf6+ Ke7 56.Rg6 Kf7 57.Rxg5 Rc4
58.Rf5+ Kg7 59.Rxd5 Rxb4 60.Rd6 Kf7 61.g5 Nc3+ 62.Kd3 Nb5 63.Rb6  1-0